[Event "ch-FAI"]
[Site "Oyrarbakka ch-FAI"]
[Date "2005.03.25"]
[Round "8"]
[White "Nielsen,Tor"]
[Black "Poulsen,Ma"]
[Result "0-1"]
[WhiteElo "2153"]
[BlackElo "2285"]

1.e4 d5 2.exd5 Qxd5 3.Nc3 Qd6 4.d4 Nf6 5.Nf3 a6 6.Bc4 b5 7.Bb3 Bb7 8.a3 e6
9.O-O Be7 10.h3 O-O 11.Be3 Nbd7 12.Qe2 c5 13.dxc5 Qc6 14.Bd4 Rfe8 15.Rfd1 Bxc5
16.a4 b4 17.Na2 Bf8 18.c3 bxc3 19.Nxc3 Rac8 20.Rac1 Qc7 21.Ne4 Qxc1 22.Nxf6+ Nxf6
23.Rxc1 Rxc1+ 24.Kh2 Bd6+ 25.Be5 Bxf3 26.gxf3 Bxe5+ 27.Qxe5 Rc6 28.Bd1 Rd8
29.Be2 h6 30.Kg2 Rd2 31.Qe3 Rxb2 32.Qd4 Rb8 33.a5 Nd5 34.Qa7 Rcc8 35.Qxa6 Ra8
36.Qb5 Nf4+ 37.Kg3 Nxe2+ 38.Qxe2 Rxa5 39.h4 Rf5 40.Qd3 Rcc5 41.Qd8+ Kh7 42.Qd3 g6
43.Qd4 Rcd5 44.Qc3 h5 45.f4 e5 46.fxe5 Rdxe5 47.Qd4 Re6  0-1

[Event "XXVIII Open"]
[Site "San Sebastian ESP"]
[Date "2005.03.25"]
[Round "8"]
[White "Neelotpal,D"]
[Black "Paunovic,D"]
[Result "1/2-1/2"]
[WhiteElo "2468"]
[BlackElo "2518"]

1.e4 d5 2.exd5 Qxd5 3.Nc3 Qd8 4.d4 Nf6 5.Bg5 c6 6.Qd2 Bf5 7.Bxf6 gxf6 8.O-O-O e6
9.Nf3 Nd7 10.Nh4 Bg6 11.Qe3 Qb6 12.Bc4 O-O-O 13.g3 f5 14.Ne2 Bg7 15.Qa3 Kb8
16.Nf4 c5 17.d5 Ne5 18.Be2 Ng4 19.Bxg4 fxg4 20.dxe6 fxe6 21.Qb3 Qxb3 22.axb3 Bh6
23.Nxg6 hxg6 24.Rxd8+ Rxd8 25.Re1 Rd6 26.c3 Kc7 27.Kc2 Bxf4 28.gxf4 Kd7 29.Rg1 Ke7
30.Rxg4 Kf6 31.Rh4 Kg7 32.Rg4 b6 33.h4 Kf6 34.Rg1 Rd5  1/2-1/2

[Event "ch-EU"]
[Site "Cork IRL"]
[Date "2005.03.27"]
[Round "6"]
[White "Heidenfeld,M"]
[Black "Johansson,Th1"]
[Result "1-0"]
[WhiteElo "2344"]
[BlackElo "2212"]

1.e4 d5 2.exd5 Qxd5 3.Nc3 Qd6 4.d4 c6 5.h3 Bf5 6.Nf3 Nf6 7.Bd3 Bxd3 8.Qxd3 Nbd7
9.Bg5 e6 10.O-O-O Be7 11.Kb1 b5 12.Rhe1 O-O 13.Bxf6 Nxf6 14.Ne5 a5 15.Ne4 Nxe4
16.Qxe4 Rfc8 17.Rd3 Qd5 18.Rf3 f5 19.Qe2 Bf6 20.Re3 Re8 21.c3 b4 22.c4 Qd6
23.Nf3 Kf7 24.g4 fxg4 25.hxg4 Rad8 26.Re4 h6 27.g5 hxg5 28.Qe3 Qe7 29.Rg1 Rh8
30.Nxg5+ Bxg5 31.Rxg5 a4 32.Rf5+ Kg8 33.Rxe6 Rh1+ 34.Kc2 b3+ 35.axb3 axb3+
36.Kc3 Qd7 37.Rfe5 Rh3 38.Re8+ Kh7 39.f3 Rxe8 40.Rxe8 Qf5 41.Qe4 Rxf3+ 42.Kb4 Qxe4
43.Rxe4 g5 44.Re2 Kg6 45.Kc5 Rd3 46.Kxc6 Rxd4 47.c5 g4 48.Kb5 Rd1 49.c6 Rc1
50.Kb6 Rc2 51.c7 Rxe2 52.c8=Q Kg5 53.Qc7 Re3 54.Qc1 Kf4 55.Kc5 Ke4 56.Qb1+ Kf4
57.Kd4 Rf3 58.Qe1 Rh3 59.Qe5+ Kf3 60.Qf5+ Kg3 61.Qg5 Kf3 62.Qe3+ Kg2 63.Qe2+ Kg3
64.Ke4 Kh4 65.Kf4 Rf3+ 66.Qxf3 gxf3 67.Kxf3 Kg5 68.Ke4 Kf6 69.Kd5 Ke7 70.Kc4 Kd6
71.Kxb3 Kc5 72.Ka4 Kc6 73.Ka5 Kb7 74.Kb5 Ka7 75.Kc6 Ka6 76.b4 Ka7 77.b5 Ka8
78.Kc7  1-0

[Event "Caissa IM March"]
[Site "Kecskemet HUN"]
[Date "2005.03.27"]
[Round "8"]
[White "Donko,M"]
[Black "Brustkern,J"]
[Result "0-1"]
[WhiteElo "2037"]
[BlackElo "2251"]

1.e4 d5 2.exd5 Qxd5 3.Nc3 Qd6 4.d4 Nf6 5.Nf3 a6 6.Bc4 e6 7.Bg5 Nbd7 8.Qe2 b5
9.Bb3 Bb7 10.O-O-O Nb6 11.Bxf6 gxf6 12.d5 Qf4+ 13.Kb1 e5 14.Rd4 Qh6 15.Nxe5 fxe5
16.Qxe5+ Kd7 17.Qf5+ Kd8 18.Re1 Bd6 19.Rde4 Qg6 20.Qh3 Bc8 21.Qh4+ f6 22.f4 Bf5
23.R4e2 Kd7 24.h3 h5 25.a4 b4 26.Ne4 Bxe4 27.Rxe4 a5 28.Re6 Rae8 29.Qf2 Qf5
30.Qe2 Rxe6 31.dxe6+ Ke7 32.g3 Rg8  0-1

[Event "ch-FRA Top 16 GpB"]
[Site "Cannes FRA"]
[Date "2005.03.31"]
[Round "4"]
[White "Jeitz,C"]
[Black "Nikolaidis,I"]
[Result "1/2-1/2"]
[WhiteElo "2119"]
[BlackElo "2520"]

1.e4 d5 2.exd5 Qxd5 3.Nc3 Qd6 4.d4 Nf6 5.Nf3 a6 6.Be2 Nc6 7.a3 e5 8.dxe5 Nxe5
9.Bg5 Be6 10.Qxd6 Bxd6 11.Bxf6 gxf6 12.Nd4 O-O-O 13.Nxe6 fxe6 14.f4 Nc6 15.g3 f5
16.Bd3 Rhf8 17.Rf1 h5 18.O-O-O h4 19.Rde1 Rf6 20.Rf3 Kd7 21.Ne2 Rh8 22.c3 hxg3
23.hxg3 Rfh6 24.Nd4 Rh1 25.Re3 Rxe1+ 26.Rxe1 Nxd4 27.cxd4 Rg8 28.Bc4 Rxg3
29.Bxe6+ Kc6 30.Bxf5 Bxf4+ 31.Kc2 Rg2+ 32.Kb3 Rf2 33.Be4+ Kb6 34.Rd1 a5 35.a4 Bg5
36.Kc3 Be7 37.b3 Rf4 38.Kd3 Rg4 39.Bd5 Rg3+ 40.Ke4 Bg5 41.Rd3 Rg1 42.Bc4 Re1+
43.Kf5 Bh6 44.Kg6 Bc1 45.Kf5 Bb2 46.Bd5 Ba3 47.Kf4 Bf8 48.Kf3 Bg7 49.Bc4 Re8
50.Rd1 Rd8 51.Ke4 Rh8 52.Rd3 Rh4+ 53.Ke3 Kc6 54.d5+ Kd6 55.Kf3 Bf8 56.Re3 Kc5
57.Re4 Rh2 58.Rg4 Bd6 59.Re4 b6 60.Re2 Rh3+ 61.Ke4 Rc3 62.Re3 Rc1 63.Kf5 Kb4
64.Bb5 Bc5 65.Rd3 Re1 66.Bc4 Bd6 67.Rh3 Re5+ 68.Kf6 Re4 69.Bb5 Ka3 70.Rd3 Kb2
71.Kf5 Re5+ 72.Kf6 Kc2 73.Bc4 Re1 74.Rh3 Kb2 75.Rd3 Ka3 76.Kf5 Kb4 77.Rh3 Re5+
78.Kf6 Re4 79.Bb5 Ka3 80.Rd3 Rb4 81.Ke6 Rxb3 82.Rxb3+ Kxb3 83.Bc6  1/2-1/2

[Event "3rd ch-GER Internet Blitz Candidates"]
[Site "playchess INT"]
[Date "2005.04.02"]
[Round "1"]
[White "Zumsande,M"]
[Black "Heinzel,O"]
[Result "1-0"]
[WhiteElo "2381"]
[BlackElo "2402"]

1.e4 d5 2.exd5 Qxd5 3.Nc3 Qd6 4.d4 Nf6 5.Be3 a6 6.Qd2 b5 7.Bf4 Qb6 8.Bd3 Bb7
9.Nf3 e6 10.O-O Bd6 11.Ne5 O-O 12.Ne2 Nbd7 13.Ng3 Rad8 14.Rad1 c5 15.c3 cxd4
16.cxd4 Nd5 17.Bg5 f6 18.Nxd7 Rxd7 19.Be3 Nxe3 20.Qxe3 Re8 21.Rfe1 Bf8 22.Bc2 Bd5
23.Qd3 g6 24.Bb3 Bg7 25.h4 f5 26.h5 Bxb3 27.Qxb3 Rxd4 28.hxg6 hxg6 29.Ne2 Re4
30.Nc3 Rxe1+ 31.Rxe1 Bd4 32.Re2 Kg7 33.Rd2 Bf6 34.Ne2 e5 35.Nc3 Qe6 36.Nd5 Rd8
37.a4 bxa4 38.Qb7+ Rd7 39.Qa8 Bg5 40.Rd3 e4 41.Rh3 Bh6 42.Nf4 Rd1+ 43.Kh2 Bxf4+
44.g3 Bxg3+ 45.Kg2 Bh4 46.Rxh4 Kf6 47.Rh7 Rd7 48.Qh8+ Kg5 49.Rh1 Kf4 50.Qh2+ Kg5
51.Qh4+  1-0

[Event "3rd ch-GER Internet Blitz Candidates"]
[Site "playchess INT"]
[Date "2005.04.02"]
[Round "6"]
[White "Feuerstack,A"]
[Black "Heinzel,O"]
[Result "1-0"]
[WhiteElo "2224"]
[BlackElo "2402"]

1.e4 d5 2.exd5 Qxd5 3.Nc3 Qd6 4.d4 Nf6 5.Nf3 a6 6.h3 b5 7.Be3 Bb7 8.Qd2 Nbd7
9.Be2 e6 10.O-O-O Be7 11.Bf4 Qb6 12.Kb1 O-O 13.g4 b4 14.Na4 Qa5 15.b3 Nd5
16.Rhg1 c5 17.Ne5 N7b6 18.Nxb6 Nc3+ 19.Qxc3 bxc3 20.Nec4 Qb4 21.a3 Qb5 22.a4 Qb4
23.Bc1 Bd5 24.Ba3 Bxc4 25.Bxb4 Bxe2 26.dxc5 Bxd1 27.Nxa8 Bf3 28.Nb6 Rd8 29.c6 Bxb4
30.c7 Re8 31.c8=Q Rxc8 32.Nxc8 Bc5 33.Rg3 Bb7 34.Rxc3 Bxf2 35.Nd6  1-0

[Event "3rd ch-GER Internet Blitz Candidates"]
[Site "playchess INT"]
[Date "2005.04.02"]
[Round "8"]
[White "Heimann,A"]
[Black "Heinzel,O"]
[Result "0-1"]
[WhiteElo "2095"]
[BlackElo "2402"]

1.e4 d5 2.exd5 Qxd5 3.Nc3 Qd6 4.d4 Nf6 5.Nf3 a6 6.Be3 b5 7.Qd2 Bb7 8.Be2 e6
9.O-O Nbd7 10.Rfe1 Be7 11.Bf4 Qc6 12.Bd3 O-O 13.Ne4 Rfd8 14.c3 Qb6 15.Qc2 h6
16.Ne5 Nd5 17.Nxd7 Rxd7 18.Bg3 c5 19.dxc5 Bxc5 20.Nxc5 Qxc5 21.Rad1 Rad8
22.Be4 f5 23.Bxd5 Rxd5 24.Rxd5 Qxd5 25.f3 Qxa2 26.Qe2 Qd5 27.Qxe6+ Qxe6 28.Rxe6 Rd2
29.Rb6 Bd5 30.Rxa6 Rxb2 31.Rd6 Bc4 32.Rd7 Re2 33.Bf2 g5 34.Bd4 Kf8 35.Rh7 g4
36.fxg4 fxg4 37.Rxh6 Bd5 38.Rf6+ Ke7 39.Rf2 Re1+ 40.Rf1 Re2 41.Bf2 Kd7 42.Rd1 Kc6
43.Rd4 Rc2 44.h3 g3 45.Bxg3 Rxg2+ 46.Kf1 Rxg3 47.h4 Rxc3 48.Kf2 Rh3 49.Rg4 Kc5
50.Ke2 b4 51.Kd2 b3 52.Kc1 Bc4 53.Rg5+ Kb4 54.h5 Kc3 55.Rg1 b2+ 56.Kb1 Bd3+
57.Ka2 b1=Q+ 58.Rxb1 Bxb1+ 59.Kxb1  0-1

[Event "3rd ch-GER Internet Blitz Candidates"]
[Site "playchess INT"]
[Date "2005.04.02"]
[Round "9"]
[White "Rachut,S"]
[Black "Heinzel,O"]
[Result "0-1"]
[WhiteElo "2068"]
[BlackElo "2402"]

1.e4 d5 2.exd5 Qxd5 3.Nc3 Qd6 4.d3 Nf6 5.h3 a6 6.Nf3 b5 7.a3 Bb7 8.Be2 Nbd7
9.O-O e6 10.Ng5 Be7 11.Bf3 Bxf3 12.Qxf3 O-O 13.Nge4 Nxe4 14.Nxe4 Qb6 15.Be3 c5
16.Qg3 Rfd8 17.Rfe1 Rac8 18.c3 Qc7 19.Bf4 Qc6 20.Rad1 Nb6 21.Bh6 Bf8 22.Bg5 Bd6
23.Nxd6 Rxd6 24.Bf6 g6 25.Qh4 Nd7 26.Be7 Rd5 27.c4 Rf5 28.b3 Re8 29.Bg5 f6
30.Bc1 Ne5 31.d4 cxd4 32.Rxd4 bxc4 33.bxc4 Rf8 34.f4 Nxc4 35.Qf2 Rd5 36.Rde4 e5
37.Qa2 Rd4 38.R4e2 Kg7 39.Rc2 Qd5 40.fxe5 Nxe5 41.Qxd5 Rxd5 42.Rc7+ Rf7 43.Rc8 Rfd7
44.Be3 Rd1 45.Rxd1 Rxd1+ 46.Kh2 Rd7 47.Rc5 Kf7 48.Rc3 Rd3 49.Rxd3 Nxd3 50.Bb6 Ke6
51.a4 Kd5 52.Kg3 Ke4 53.Bd8 f5 54.Kh4 h6 55.Kg3 Nc5 56.Kh2 Nxa4 57.Be7 Nc3
58.g4 Nd5 59.Bd6 f4 60.g5 hxg5 61.Kg2 a5 62.Bc5 a4 63.Kf2 Ne3 64.Ke2 Nf5
65.Kd2 Nh6 66.Kc3 g4 67.Kb4 gxh3 68.Kxa4 h2 69.Bd6 h1=Q 70.Kb5 Qb1+ 71.Kc6 Qd3
72.Kd7 Qxd6+ 73.Kxd6 f3 74.Ke7 f2 75.Ke8 f1=Q 76.Ke7 Qf7+  0-1

[Event "3rd ch-GER Internet Blitz Candidates"]
[Site "playchess INT"]
[Date "2005.04.02"]
[Round "11"]
[White "Vuckovic,Alek"]
[Black "Muse,D"]
[Result "1/2-1/2"]
[WhiteElo "2325"]
[BlackElo "2418"]

1.e4 d5 2.exd5 Qxd5 3.Nc3 Qd6 4.d4 Nf6 5.Nf3 c6 6.Be2 Bf5 7.O-O h6 8.Be3 e6
9.Qd2 Qd8 10.Rfe1 Nbd7 11.Rad1 Bb4 12.Bd3 Ne4 13.Bxe4 Bxe4 14.Qe2 Bxf3 15.Qxf3 O-O
16.Qg3 Kh8 17.Bd2 Nf6 18.a3 Bd6 19.Qf3 Rc8 20.Ne2 b5 21.Nf4 Bxf4 22.Bxf4 Qd5
23.Qd3 Nd7 24.Re3 Rfe8 25.Rde1 c5 26.Qxb5 Qxd4 27.Bxh6 Nf6 28.Rd3 Qg4 29.h3 Qf5
30.Be3 c4 31.Qxf5 exf5 32.Rdd1 Re7 33.Bd4 Rxe1+ 34.Rxe1 Ne4 35.f3 Ng3 36.Kf2 f4
37.Re7 Rd8 38.c3 Kg8 39.Rxa7 Rb8 40.Rc7 Rxb2+ 41.Ke1 Re2+ 42.Kd1 Rxg2 43.Rxc4 Rh2
44.a4 Ra2 45.Be5 g5 46.Bxf4 gxf4 47.Rxf4 Nh5 48.Rg4+ Kf8 49.Kc1 Nf6 50.Kb1 Rf2
51.Rf4 Nd5 52.Rc4 Rxf3 53.a5 Nxc3+ 54.Kc2 Nd5 55.a6 Ne3+ 56.Kd3 Nxc4+ 57.Kxc4 Ra3
58.Kb5 Rxh3 59.a7 Ra3 60.Kb6 Rxa7 61.Kxa7 f5 62.Kb6 f4 63.Kc5 f3 64.Kd4 f2
65.Ke3 f1=Q 66.Ke4 Qf7 67.Ke3 Ke7 68.Ke4 Qf5+ 69.Kd4 Ke6 70.Ke3  1/2-1/2

[Event "3rd ch-GER Internet Blitz GpC"]
[Site "playchess INT"]
[Date "2005.04.03"]
[Round "2.4"]
[White "Buchenau,F"]
[Black "Muse,D"]
[Result "1-0"]
[WhiteElo "2345"]
[BlackElo "2418"]

1.e4 d5 2.exd5 Qxd5 3.Nc3 Qd6 4.d4 Nf6 5.Nf3 c6 6.Bd3 Bg4 7.Ne4 Nxe4 8.Bxe4 Nd7
9.h3 Bh5 10.O-O Nf6 11.Bd3 e6 12.c3 Qc7 13.Bg5 Bd6 14.Re1 h6 15.Bd2 Bxf3
16.Qxf3 O-O-O 17.b4 Rhe8 18.b5 c5 19.a4 c4 20.Bf1 Nd5 21.Qe2 Bh2+ 22.Kh1 Bf4
23.Bxf4 Qxf4 24.g3 Qf6 25.a5 Kb8 26.b6 a6 27.Qe5+ Qxe5 28.dxe5 Rc8 29.Re4 Nxc3
30.Rxc4 Rxc4 31.Bxc4 Rc8 32.Bf1 Rc5 33.f4 Ne4 34.Kg2 f5 35.exf6 gxf6 36.Bd3 Nc3
37.Re1 e5 38.fxe5 Rxe5 39.Rxe5 fxe5 40.Kf3 Nd1 41.h4 Nb2 42.Be4 Nc4 43.g4 Kc8
44.g5 hxg5 45.hxg5 Nd6 46.g6 Ne8 47.Kg4 Kd8 48.Kf5 Ke7 49.Kxe5 Nd6 50.Bd5 Nb5
51.g7 Nd6 52.g8=Q Nc4+ 53.Bxc4  1-0

[Event "Belgrade Cup"]
[Site "Belgrade SCG"]
[Date "2005.04.05"]
[Round "1"]
[White "Karaklajic,N"]
[Black "Jovanovic,I"]
[Result "1-0"]
[WhiteElo "2365"]
[BlackElo "1998"]

1.e4 d5 2.exd5 Qxd5 3.Nc3 Qd6 4.d4 Nf6 5.Nge2 Bg4 6.f3 Bh5 7.Bf4 Qd7 8.d5 Na6
9.Ng3 Nb4 10.a3 Nbxd5 11.Nxd5  1-0

[Event "7th Open"]
[Site "Dubai UAE"]
[Date "2005.04.05"]
[Round "2"]
[White "Al Modiahki,M"]
[Black "Danielian,E"]
[Result "1/2-1/2"]
[WhiteElo "2569"]
[BlackElo "2415"]

1.e4 d5 2.exd5 Qxd5 3.Nc3 Qd6 4.d4 Nf6 5.Bc4 Bg4 6.f3 Bf5 7.Qe2 a6 8.Be3 Nc6
9.O-O-O Na5 10.Bd3 Bxd3 11.Qxd3 e6 12.Ne4 Qd5 13.Kb1 O-O-O 14.Ne2 Qb5 15.Nxf6 gxf6
16.b3 Qxd3 17.Rxd3 Nc6 18.c4 f5 19.Rhd1 Rg8 20.g3 Be7 21.Bf4 Rd7 22.Bc1 Rgd8
23.a3 b5 24.Kc2 bxc4 25.bxc4 Na5 26.c5 Nc6 27.Be3 Bf6 28.Bf2  1/2-1/2

[Event "Belgrade Cup"]
[Site "Belgrade SCG"]
[Date "2005.04.08"]
[Round "4"]
[White "Rankov,P"]
[Black "Jovanovic,I"]
[Result "1-0"]
[WhiteElo "2127"]
[BlackElo "1998"]

1.e4 d5 2.exd5 Qxd5 3.Nc3 Qd6 4.d4 Nf6 5.Nge2 Bf5 6.Bf4 Qd7 7.d5 a6 8.f3 c6
9.g4 Bg6 10.h4 h6 11.h5 Bh7 12.dxc6 Nxc6 13.Qxd7+ Nxd7 14.O-O-O e5 15.Be3 O-O-O
16.Bh3 f6 17.g5 hxg5 18.Bb6 Bb4 19.Nd5 f5 20.a3 Bc5 21.Bxd8 Rxd8 22.b4 Ba7
23.c4 Bd4 24.b5 Na5 25.Nxd4 exd4 26.bxa6 bxa6 27.Kb1 Ne5 28.Rxd4 Nxf3 29.Ne7+ Kc7
30.Rxd8 f4+ 31.Bf5 Kxd8 32.Ng6 Kc7 33.Rd1 Ne5 34.Nxe5 Bxf5+ 35.Kb2 Nb7 36.Rg1 Kd6
37.Nf7+ Ke7 38.Nxg5 Kf6 39.Nf3 Nd6 40.c5 Nc4+ 41.Kb3 Ne3 42.c6 Be4 43.c7 Bb7
44.Rg6+ Kf5 45.Nh4+ Ke4 46.Rxg7 Nd5 47.h6 f3 48.Nxf3  1-0

[Event "FSIM April"]
[Site "Budapest HUN"]
[Date "2005.04.11"]
[Round "10"]
[White "Lengyel,B"]
[Black "Brustkern,J"]
[Result "1/2-1/2"]
[WhiteElo "2302"]
[BlackElo "2258"]

1.e4 d5 2.exd5 Qxd5 3.Nc3 Qd6 4.d4 Nf6 5.Bg5 a6 6.Nf3 Nbd7 7.Be2 b5 8.O-O Bb7
9.Qc1 e6 10.Bf4 Qb6 11.a4 b4 12.a5 Qc6 13.Na4 Bd6 14.Bg3 O-O 15.c4 bxc3 16.bxc3 e5
17.Rd1  1/2-1/2

[Event "Extraliga CZE 2004-5"]
[Site "Czech Rep CZE"]
[Date "2005.04.16"]
[Round "10"]
[White "Kovalev,An"]
[Black "Nedela,V"]
[Result "1-0"]
[WhiteElo "2567"]
[BlackElo "2381"]

1.e4 d5 2.exd5 Qxd5 3.Nc3 Qd6 4.d4 c6 5.Be3 Nf6 6.Nf3 Bg4 7.h3 Bxf3 8.Qxf3 e6
9.O-O-O Be7 10.Bd3 Nbd7 11.g4 Nb6 12.g5 Nfd5 13.Ne4 Qd8 14.Rhg1 Nb4 15.c3 Nxd3+
16.Rxd3 Qd5 17.Kb1 a5 18.Bc1 a4 19.Nd2 Qb5 20.Re3 Nc4 21.Nxc4 Qxc4 22.h4 Qd5
23.Qg4 Bd6 24.h5 b5 25.g6 hxg6 26.hxg6 f5 27.Qe2 Kd7 28.Rd1 Rh4 29.Qc2 Kc7
30.Rde1 Re8 31.b3 axb3 32.axb3 Kd7 33.Qa2 Rg4 34.Bb2 f4 35.Re4 Qf5 36.f3 Rg2
37.Qa7+ Bc7 38.Bc1 Qd5 39.c4 bxc4 40.Rxf4 Qa5 41.Rf7+ Kc8 42.Qxa5 Bxa5 43.Re5 Bb6
44.bxc4 Bxd4 45.Ra5 Kb8 46.Rd7 Bb6 47.Ra6 Bc7 48.Rxc6 Be5 49.Rb6+ Ka8 50.Rd3 Re7
51.Rd8+ Ka7 52.Be3 Bf4 53.Rxe6+ Bxe3 54.Rxe7+  1-0

[Event "Extraliga CZE 2004-5"]
[Site "Czech Rep CZE"]
[Date "2005.04.17"]
[Round "11"]
[White "Krejci,Jak"]
[Black "Jirovsky,M"]
[Result "1/2-1/2"]
[WhiteElo "2252"]
[BlackElo "2491"]

1.e4 d5 2.exd5 Qxd5 3.Nc3 Qd6 4.d4 Nf6 5.Bc4 a6 6.Bb3 Nc6 7.Nge2 e5 8.dxe5 Qxd1+
9.Nxd1 Nxe5 10.Ndc3 Bd6 11.Bg5 Ned7 12.O-O-O O-O  1/2-1/2

[Event "Extraliga CZE 2004-5"]
[Site "Czech Rep CZE"]
[Date "2005.04.17"]
[Round "11"]
[White "Prandstetter,E"]
[Black "Antoniewski,R"]
[Result "1/2-1/2"]
[WhiteElo "2343"]
[BlackElo "2488"]

1.e4 d5 2.exd5 Qxd5 3.Nc3 Qd6 4.d4 Nf6 5.Nf3 a6 6.h3 Bf5 7.Bd3 Bg6 8.Be3 Nc6
9.Bxg6 hxg6 10.Qd2 Rh5 11.Bf4 Qe6+ 12.Qe2 Qxe2+ 13.Kxe2 O-O-O 14.Rad1 e6
15.a3 Be7 16.Be3 Bd6 17.Ng5 Rd7 18.Nce4 Nxe4 19.Nxe4 Be7 20.c3 b6 21.Nd2 Bf6
22.f4 Rhd5 23.Nf3 Na5 24.Ne5 Bxe5 25.fxe5 f6 26.exf6 gxf6 27.Rhf1 f5 28.a4 Kb7
29.Bf4 c5 30.dxc5 Rxd1 31.Rxd1 Rxd1 32.Kxd1 bxc5 33.b4 Nc4 34.Kc2 Kc6 35.Bh6 e5
36.Bc1 f4 37.Kd3 Kd5 38.Ke2 cxb4 39.cxb4 Ke4 40.b5 a5 41.Bd2 Kd4 42.Be1 e4
43.g3 f3+ 44.Kf2 Nb2 45.b6 Nd3+ 46.Kg1 Nc5 47.Bxa5 Ke3 48.Kf1 f2 49.b7 Nxb7
50.Bb6+ Kf3 51.Bxf2 e3 52.Be1 Nc5 53.a5 Na6 54.g4 g5 55.Kg1 Ke2 56.Bg3 Kf3
57.Be1 Ke2 58.Bg3 Kf3 59.Be1 Ke2 60.Bg3 Kf3 61.Kh2 Nc5 62.Be1 Na6 63.Bc3 Nc5
64.Bb4 Na6 65.Bd6 e2 66.Bg3 Nc5 67.Be1 Nd3 68.Bd2 Nc5 69.Be1  1/2-1/2

[Event "Open"]
[Site "Metz FRA"]
[Date "2005.04.21"]
[Round "6"]
[White "Marechal,A"]
[Black "Dubois,M"]
[Result "1-0"]
[WhiteElo "2268"]
[BlackElo "2021"]

1.e4 d5 2.exd5 Qxd5 3.Nc3 Qd6 4.d4 Nf6 5.Nf3 a6 6.g3 Nc6 7.Bg2 Bg4 8.O-O O-O-O
9.d5 Nb4 10.h3 Bh5 11.Bf4 Qc5 12.Be3 Qd6 13.g4 Bg6 14.Qd4 Nxc2 15.Qa7 Nxe3
16.fxe3 Qb6 17.Qxb6 cxb6 18.Ne5 e6 19.dxe6 fxe6 20.g5 Ne8 21.Na4 Kb8 22.Nxb6 Ka7
23.Nbd7 Bd6 24.Rac1 Bh5 25.Nf7 Rxd7 26.Nxh8 Bb4 27.Rc4 Be7 28.Rh4 Be2 29.Rf7 Nd6
30.Rd4 Rc7 31.Rxe7 Rxe7 32.Rxd6 Bh5 33.Be4 Kb8 34.Bxh7 Kc7 35.Rd2 g6 36.Bxg6 Bxg6
37.Nxg6 Rg7 38.Nf4 Rxg5+ 39.Kf2  1-0

[Event "Torch Real Estate Cup"]
[Site "Jinan CHN"]
[Date "2005.04.23"]
[Round "4"]
[White "Wang Wenhao"]
[Black "Ye Rongguang"]
[Result "1/2-1/2"]
[WhiteElo "2387"]
[BlackElo "2472"]

1.e4 d5 2.exd5 Qxd5 3.Nc3 Qd6 4.Nf3 Nf6 5.Be2 a6 6.O-O Nc6 7.d3 Bf5 8.Bg5 e6
9.Nh4 Bg6 10.Bf3 Be7 11.Bxc6+ Qxc6 12.Qf3 Qxf3 13.Nxf3 Bh5 14.Ne5 Nd7 15.Bxe7 Kxe7
16.Rfe1 f6 17.Nc4 Kf7 18.f4 Rhe8 19.a4 Kf8 20.a5 Bf7 21.Ra4 Rab8 22.Kf2 Re7
23.Ne3 h5 24.d4 Rc8 25.b4 Rd8 26.Raa1 Nb8 27.Ne2 Nc6 28.c3 e5 29.dxe5 fxe5
30.f5 e4 31.Rad1 Rd3 32.Rxd3 exd3 33.Nf4 Rd7 34.Nf1 Ne7 35.Rd1 Nxf5 36.Rxd3 Rxd3
37.Nxd3 b6 38.Ne3 Nd6 39.Kf3 Ke7 40.Ne5 bxa5 41.Nc6+ Kf6 42.bxa5 Bc4 43.Nxc4 Nxc4
44.Nb4 Ke6 45.Nxa6 Kd6 46.Kf4 Nxa5 47.Kg5 Nc6 48.Kg6 Ne7+ 49.Kxg7 Nd5 50.c4 Ne3
51.c5+ Kc6 52.g3 Nf1 53.Kh6 Nxh2  1/2-1/2

[Event "ch-SCG w"]
[Site "Pancevo SCG"]
[Date "2005.04.26"]
[Round "9"]
[White "Stojanovic,An"]
[Black "Chelushkina,I"]
[Result "0-1"]
[WhiteElo "2175"]
[BlackElo "2369"]

1.e4 d5 2.exd5 Qxd5 3.Nc3 Qd8 4.d4 Nf6 5.Bg5 c6 6.Qd2 Be6 7.Nf3 Nbd7 8.Be2 h6
9.Bh4 g6 10.a4 Bg7 11.a5 O-O 12.O-O Nd5 13.Nxd5 Bxd5 14.Ne1 g5 15.Bg3 b5
16.axb6 Nxb6 17.Rd1 Nc4 18.Qc3 Nd6 19.Bxd6 exd6 20.Qd3 Re8 21.Bf3 Bxf3 22.Nxf3 Rb8
23.b3 g4 24.Nd2 Qg5 25.Ne4 Qg6 26.Ng3 d5 27.Nf5 Re6 28.Nxg7 Kxg7 29.Qxg6+ Kxg6
30.Ra1 Re2 31.c4 Rd2 32.cxd5 cxd5 33.Rxa7 Rxb3 34.Rd7 Rxd4 35.f3 gxf3 36.Rxf3 Rxf3
37.gxf3 Rd2 38.Kf1 Kf6 39.Ke1 Ke6 40.Rxf7 Rxh2 41.Rf8 h5 42.f4 h4 43.Re8+ Kd7
44.Re3 Rg2 45.f5 Rg3 46.Re6 Rf3 47.Rh6 h3 48.Ke2 Ra3 49.Kf2 Ke7 50.Re6+ Kf7
51.Rd6 Ra2+ 52.Kg1 Rd2 53.Rh6 Rd3 54.Kh2 d4 55.Rd6 Kg7 56.Rg6+ Kf8 57.Rd6 Kf7
58.Re6 Rf3 59.Rd6 d3 60.f6 Re3 61.Ra6 Re6 62.Ra3 Rd6 63.Ra1 d2 64.Rd1 Rd3  0-1

[Event "Open"]
[Site "Lenk SUI"]
[Date "2005.04.27"]
[Round "6"]
[White "Gallagher,Jo"]
[Black "Tukmakov,V"]
[Result "1/2-1/2"]
[WhiteElo "2535"]
[BlackElo "2558"]

1.e4 d5 2.exd5 Qxd5 3.Nc3 Qd6 4.d4 Nf6 5.Nf3 a6 6.Bd3 g6 7.Be3 Nc6 8.Qd2 Nb4
9.Be2 Nbd5 10.Nxd5 Nxd5 11.Bg5 Bg7 12.c4 h6 13.Bh4 Nf6 14.Bg3 Qd8 15.Be5 b6
16.Qf4 g5 17.Qe3 Bb7 18.h3 Qd7 19.Bh2 O-O-O 20.O-O Ne4 21.d5 f5 22.Ne5 Bxe5
23.Bxe5 Rhf8 24.f3 Nf6 25.Bc3 Rde8 26.Rad1 e5 27.dxe6 Rxe6 28.Qf2 Qe7 29.Bd3 Nh5
30.Rfe1 Nf4 31.Bf1 g4 32.Qd2 Ng6 33.hxg4 fxg4 34.fxg4 Nf4 35.g3 Qc5+ 36.Kh2 Rd6
37.Bd4 Qc6 38.gxf4 Qh1+ 39.Kg3 Qf3+ 40.Kh2 Qh1+ 41.Kg3 Qf3+ 42.Kh2 Rxf4 43.Bg2 Rfxd4
44.Bxf3 Rxd2+ 45.Rxd2 Rxd2+ 46.Re2 Rd4 47.Bxb7+ Kxb7 48.Kg3 Rxc4 49.Re6 Rc2
50.Rxh6 Rxb2 51.g5 Rxa2 52.g6 Ra1 53.Kg2 Ra2+ 54.Kg3 Ra1 55.Kg2  1/2-1/2

[Event "TCh-RUS w"]
[Site "Sochi RUS"]
[Date "2005.04.28"]
[Round "10"]
[White "Kosintseva,T"]
[Black "Dushenok,A"]
[Result "1/2-1/2"]
[WhiteElo "2486"]
[BlackElo "2263"]

1.e4 d5 2.exd5 Qxd5 3.Nc3 Qd6 4.d4 Nf6 5.Nf3 a6 6.Ne5 Nc6 7.Nxc6 Qxc6 8.Bf4 e6
9.a3 Bd6 10.Qd2 b5 11.Bg5 Ne4 12.Nxe4 Qxe4+ 13.Be3 Bb7 14.f3 Qh4+ 15.Bf2 Qh5
16.Be2 Rd8 17.O-O-O Qd5 18.Kb1 Be7 19.Bd3 c5 20.dxc5 Bxc5 21.Bxb5+ axb5 22.Qxd5 Rxd5
23.Rxd5 Bxf2 24.Rxb5 Bc8 25.Rd1 Ke7 26.Rb8 Rd8 27.Rxd8 Kxd8 28.c4 Kc7 29.Rb3 e5
30.Kc1 f5 31.Kd2 e4 32.Rc3 Bd4 33.Rc2 Bb7 34.Ke2 g5 35.h3 h5 36.Rd2 exf3+
37.gxf3 Be5 38.Kf2 g4 39.fxg4 hxg4 40.hxg4 fxg4 41.b4 g3+ 42.Ke3 g2 43.Rd1 Bb2
44.Kf2 Bxa3 45.Rd5 Bxd5  1/2-1/2

[Event "23rd Liechtenstein Open"]
[Site "Triesen LIE"]
[Date "2005.05.03"]
[Round "5"]
[White "Kohlweyer,B"]
[Black "Peredy,F"]
[Result "1/2-1/2"]
[WhiteElo "2429"]
[BlackElo "2290"]

1.e4 d5 2.exd5 Qxd5 3.Nc3 Qd6 4.d4 Nf6 5.Nf3 a6 6.g3 b5 7.Bg2 Bb7 8.O-O e6
9.Bf4 Qb6 10.a4 Bd6 11.Be3 Nd5 12.Qd3 b4 13.a5 Qa7 14.Ne4 Nd7 15.c4 bxc3
16.bxc3 Rd8 17.Bg5 Be7 18.Rfe1 h6 19.Bxe7 Nxe7 20.Qc4 Bd5 21.Qb4 Qa8 22.Ned2 c5
23.dxc5 Rb8 24.Qa3 Qc6 25.Nd4 Qxc5 26.Bxd5 Nxd5 27.Ne4  1/2-1/2

[Event "SME Open"]
[Site "Ostrava CZE"]
[Date "2005.05.04"]
[Round "5"]
[White "Poloch,P"]
[Black "Cempel,J"]
[Result "1-0"]
[WhiteElo "2302"]
[BlackElo "2247"]

1.e4 d5 2.exd5 Qxd5 3.Nc3 Qd6 4.d4 Nf6 5.Nf3 c6 6.Ne5 e6 7.Be2 Nbd7 8.Bf4 Nxe5
9.dxe5 Qxd1+ 10.Rxd1 Nd5 11.Bd2 Nxc3 12.Bxc3 Bd7 13.Bh5 g6 14.Bf3 Be7 15.Ba5 b6
16.Bd2 h5 17.h4 O-O-O 18.Bg5 Bxg5 19.hxg5 Kc7 20.Rh4 Bc8 21.Rf4 Rxd1+ 22.Bxd1 Rf8
23.Bf3 Bd7 24.Be4 Be8 25.Bxg6 h4 26.Bh5 Kd8 27.g6 fxg6 28.Rxf8 gxh5 29.Ke2  1-0

[Event "Open A"]
[Site "Djakovo CRO"]
[Date "2005.05.05"]
[Round "7"]
[White "Njirjak,J"]
[Black "Medancic,R"]
[Result "1-0"]
[WhiteElo "2365"]
[BlackElo "2293"]

1.e4 d5 2.exd5 Qxd5 3.Nc3 Qd6 4.d4 Nf6 5.Nf3 Bg4 6.h3 Bh5 7.Nb5 Qd8 8.Be2 a6
9.Na3 e6 10.c3 Be7 11.O-O Nbd7 12.Nc4 c5 13.Bg5 h6 14.Bh4 O-O 15.Re1 Rc8
16.Ne3 Nd5 17.Bxe7 Nxe7 18.d5 exd5 19.Nxd5 Re8 20.Nf4 Bg6 21.Bf1 Bf5 22.Qd2 Nb6
23.Rad1 Qxd2 24.Rxd2 Kf8 25.Re5 Rc7 26.b3 Bh7 27.c4 Bf5 28.g3 Bc8 29.Nh5 f6
30.Re1 Nc6 31.Red1 Rd7 32.Nf4 Rxd2 33.Rxd2 Rd8 34.Rxd8+ Nxd8 35.Nd3 Nd7 36.h4 b6
37.Nf4 Bb7 38.Bg2 g5 39.Nh5 Ne6 40.Nxg5 Bxg2 41.Nxe6+ Ke7 42.Nxc5 Nxc5 43.Kxg2 Nd3
44.Nf4 Nc1 45.Nd5+ Ke6 46.Nxb6 Nxa2 47.Na4 Kd6 48.Kf3 a5 49.Kg4 Ke7 50.Kh5 Nc1
51.Nc5  1-0

[Event "ch-FRA National 1"]
[Site "Lille FRA"]
[Date "2005.05.06"]
[Round "9"]
[White "Glod,P"]
[Black "Ramon,D"]
[Result "1/2-1/2"]
[WhiteElo "2180"]
[BlackElo "2181"]

1.e4 d5 2.exd5 Qxd5 3.Nc3 Qd6 4.d4 Nf6 5.Nf3 a6 6.g3 Bg4 7.Bg2 Nc6 8.O-O O-O-O
9.h3 Bh5 10.a3 e5 11.dxe5 Nxe5 12.Qe2 Re8 13.Be3 Nxf3+ 14.Bxf3 Qe5 15.Bxh5 Nxh5
16.Qg4+ Re6 17.Rfe1 Nf6 18.Qh4 Bd6 19.Bd2 Qf5 20.Rxe6 Qxe6 21.Kg2 Qf5 22.Rc1 h6
23.Be3 Nd5 24.Nxd5 Qxd5+ 25.Kg1 Be5 26.Qg4+ Kb8 27.Rd1 Qc6 28.Bd4 Bxd4 29.Rxd4 Re8
30.Qd1 Ka7 31.c3 Re5 32.Qf1 Qe6 33.Rd1 Re2 34.Rb1 h5 35.h4 Qe4 36.Qd1 c5
37.Kf1 Rc2 38.Kg1 f6 39.Qxh5 Rxc3 40.Qd1 Rc2 41.Rc1 Re2 42.Qd6 c4  1/2-1/2

[Event "10th Cvitanovic Mem"]
[Site "Split CRO"]
[Date "2005.05.06"]
[Round "7"]
[White "Saric,Iv"]
[Black "Plenkovic,Z"]
[Result "1-0"]
[WhiteElo "2287"]
[BlackElo "2302"]

1.e4 d5 2.exd5 Qxd5 3.Nc3 Qd6 4.d4 Nf6 5.Nf3 a6 6.g3 Bg4 7.h3 Bxf3 8.Qxf3 Nc6
9.Be3 g6 10.O-O-O Bg7 11.Bf4 Qd8 12.d5 Nb8 13.Bg2 Nbd7 14.g4 O-O 15.Rhe1 Re8
16.Qg3 Rc8 17.h4 h5 18.g5 Nh7 19.Bh3 Nhf8 20.Qf3 c6 21.dxc6 Rxc6 22.Bxd7 Nxd7
23.Qd5 Rc8 24.Qxd7 Qa5 25.Rd3 Red8 26.Bc7  1-0